000 00572nam a2200217Ia 4500
005 20241129120224.0
008 241129s9999||||xx |||||||||||||| ||und||
020 _a9789356294141
037 _aTB
040 _aSDCL
_beng
_cSDCL
041 _aeng
_2eng
084 _aV2'K, R2 LR
_qSDCL
100 _aDutta Arup Kumar
_9147465
245 0 _aAhoms: A Reimagined History
260 _aGurugram
_bHarper Collins
_c2022
300 _axviii,411p.
365 _aINR
_b699
650 _aReference
942 _cTB
_hV2'K, R2 LR
999 _c1233876
_d1233876